000 00642nam a22001817a 4500
005 20251108164131.0
008 250721s1997 xx 000 0 ara d
082 1 4 _a210.4/شفي
100 1 _aشفيق، سليمان
245 1 0 _aرحلة إلى فلسطين :
_bتقرير وفد مركز إبن خلدون للدراسات الإنمائية لمتابعة الإنتخابات الفلسطينية 1996 /
264 1 _aالقاهرة :
_bدار الامين،
_c1997.
300 _a165ص
650 1 7 _aالإسلام
650 1 7 _aالمقالات
650 1 7 _aالأحزاب السياسية
942 _2ddc
_cBK
999 _c4457
_d4457